María Estuardo
Saved in:
| Main Author: | |
|---|---|
| Format: | Book |
| Language: | Spanish |
| Published: |
Buenos Aires
Juventud Argentina
1944
|
| Edition: | 5a. ed |
| Subjects: | |
| Tags: |
Add Tag
No Tags, Be the first to tag this record!
|
MARC
| LEADER | 00000nam a2200000 a 4500 | ||
|---|---|---|---|
| 001 | UCO8511 | ||
| 003 | CL-VaPUC | ||
| 008 | 001207e19440000AG |||||||||||||||||spa|d | ||
| 082 | 0 | 4 | |a 923.1 |b ZWE |2 21 |
| 100 | 0 | |a Zweig, Stefan |e author |9 453456 | |
| 245 | 1 | 0 | |a María Estuardo |
| 250 | |a 5a. ed | ||
| 300 | |a 401 p | ||
| 942 | |c BK | ||
| 945 | |d 20001207 00:00:00 |a lriquelm | ||
| 260 | |a Buenos Aires |b Juventud Argentina |c 1944 | ||
| 500 | |a Donación del Sr. Antonio Estévez Arrué | ||
| 600 | 0 | 7 | |a ESTUARDO, MARIA |2 CL-VaPUC |9 453457 |
| 650 | 0 | |a Biografías |9 255210 | |
| 650 | 0 | |a Reinas |9 315207 | |
| 651 | 7 | |a ESCOCIA |2 CL-VaPUC |9 332669 | |
| 583 | |a last modification |c 20001207 00:00:00 |k Rodrigo Vera | ||
| 999 | |c 293126 |d 293124 | ||
| 952 | |0 0 |1 0 |4 0 |6 923_100000000000000_ZWE_1944 |7 0 |8 P |9 344362 |a BIBARQ |b BIBARQ |d 2019-11-20 |i 1232541 |o 923.1 ZWE 1944 |p 1232541 |r 2025-01-20 |w 2019-11-20 |y BK |k ARQ | ||